000
00279nam a22001097a 4500
082
_a
330/GUP
100
_a
Gupta,Shivaji Das
_9
83749
245
_a
Marketing That Works Building Breakthrough Brands in India
260
_a
Haryana
_b
Penguin
_c
2026
650
_a
Economics
942
_c
BK
999
_c
68709
_d
68709